[Event "Ch France 2018 Féminin"]
[Site "?"]
[Date "2018.08.26"]
[Round "2.5"]
[White "Monpeurt, Cyrielle"]
[Black "Bollengier, Andreea"]
[Result "0-1"]
[BlackElo "2219"]
[WhiteElo "2175"]
[LiveChessVersion "1.4.8"]

1. e4 {[%clk 1:30:57]} g6 {[%clk 1:30:56]} 2. d4 {[%clk 1:31:13]} Bg7
{[%clk 1:31:17]} 3. Nc3 {[%clk 1:31:05]} d6 {[%clk 1:31:28]} 4. Bg5
{[%clk 1:30:40]} a6 {[%clk 1:31:21]} 5. f4 {[%clk 1:30:37]} Nc6 {[%clk 1:22:53]}
6. Nf3 {[%clk 1:21:56]} Bg4 {[%clk 1:22:48]} 7. e5 {[%clk 1:19:23]} dxe5
{[%clk 1:04:53]} 8. dxe5 {[%clk 1:19:34]} Qxd1+ {[%clk 1:01:33]} 9. Rxd1
{[%clk 1:19:39]} h6 {[%clk 0:50:33]} 10. Bh4 {[%clk 1:17:24]} Bxf3
{[%clk 0:40:14]} 11. gxf3 {[%clk 1:17:47]} g5 {[%clk 0:40:38]} 12. fxg5
{[%clk 1:14:49]} Nxe5 {[%clk 0:41:04]} 13. Kf2 {[%clk 1:07:27]} Ng6
{[%clk 0:40:49]} 14. Bg3 {[%clk 1:04:20]} Bxc3 {[%clk 0:35:11]} 15. bxc3
{[%clk 1:04:45]} hxg5 {[%clk 0:35:38]} 16. Bxc7 Rc8 17. Ba5 {[%clk 1:03:45]} Nf6
{[%clk 0:35:33]} 18. c4 {[%clk 0:54:47]} Ne5 {[%clk 0:18:19]} 19. h4
{[%clk 0:31:21]} gxh4 {[%clk 0:17:07]} 20. Bh3 {[%clk 0:30:25]} e6
{[%clk 0:15:01]} 21. Bc3 {[%clk 0:30:07]} Rh5 {[%clk 0:12:48]} 22. Rhe1
{[%clk 0:27:33]} Ned7 {[%clk 0:06:36]} 23. Rd4 {[%clk 0:22:59]} b5
{[%clk 0:05:15]} 24. Rd6 {[%clk 0:22:18]} Rxc4 {[%clk 0:05:11]} 25. Bxe6
{[%clk 0:17:53]} fxe6 {[%clk 0:04:54]} 26. Rexe6+ {[%clk 0:18:04]} Kf7
{[%clk 0:05:10]} 27. Bxf6 {[%clk 0:18:17]} Rxc2+ {[%clk 0:05:21]} 28. Ke3
{[%clk 0:17:53]} Nxf6 {[%clk 0:05:26]} 29. Rxf6+ {[%clk 0:18:19]} Kg7
{[%clk 0:05:44]} 30. Rg6+ {[%clk 0:15:31]} Kh7 {[%clk 0:06:09]} 31. Rg4
{[%clk 0:15:44]} Rc7 {[%clk 0:05:12]} 32. Rdd4 {[%clk 0:15:45]} h3
{[%clk 0:05:28]} 33. Rh4 {[%clk 0:15:37]} Rcc5 {[%clk 0:04:47]} 34. Kf2
{[%clk 0:13:19]} h2 {[%clk 0:04:47]} 35. Kg2 {[%clk 0:13:14]} Rc2+
{[%clk 0:04:31]} 36. Kh1 {[%clk 0:13:40]} Rxh4 {[%clk 0:02:28]} 37. Rxh4+ Kg6 38.
a4 {[%clk 0:13:32]} Rc4 {[%clk 0:01:51]} 39. f4 {[%clk 0:13:57]} Rxa4
{[%clk 0:02:02]} 40. Kxh2 {[%clk 0:14:12]} Kf5 {[%clk 0:02:23]} 41. Kg3
{[%clk 0:14:11]} Ra3+ {[%clk 0:02:35]} 42. Kf2 {[%clk 0:14:28]} Ra2+
{[%clk 0:01:01]} 43. Ke3 {[%clk 0:14:48]} Ra3+ {[%clk 0:01:29]} 44. Kd2
{[%clk 0:14:27]} b4 {[%clk 0:27:59]} 45. Rh5+ {[%clk 0:43:29]} Ke4
{[%clk 0:22:29]} 46. f5 {[%clk 0:43:10]} Ke5 {[%clk 0:17:27]} 47. Kc2
{[%clk 0:38:29]} a5 {[%clk 0:16:07]} 48. Kb2 {[%clk 0:38:15]} Kf6
{[%clk 0:15:21]} 49. Kc2 {[%clk 0:38:18]} Rf3 {[%clk 0:14:15]} 50. Rh6+
{[%clk 0:38:35]} Kg5 {[%clk 0:14:16]} 51. Rg6+ {[%clk 0:36:11]} Kxf5
{[%clk 0:14:40]} 52. Ra6 {[%clk 0:36:36]} Ra3 {[%clk 0:15:05]} 53. Kb2
{[%clk 0:36:44]} Ke5 {[%clk 0:15:30]} 54. Rb6 {[%clk 0:36:50]} Kd5
{[%clk 0:15:49]} 55. Rb8 {[%clk 0:37:01]} Kc4 {[%clk 0:15:54]} 56. Rc8+
{[%clk 0:37:19]} Kb5 {[%clk 0:16:19]} 57. Rb8+ {[%clk 0:37:38]} Ka4
{[%clk 0:16:27]} 0-1

[Event "Ch France 2018 Féminin"]
[Site "?"]
[Date "2018.08.26"]
[Round "3.4"]
[White "Leconte, Maria"]
[Black "Monpeurt, Cyrielle"]
[Result "1/2-1/2"]
[BlackElo "2175"]
[WhiteElo "2224"]
[LiveChessVersion "1.4.8"]

1. Nf3 {[%clk 1:30:54]} d5 {[%clk 1:30:47]} 2. g3 {[%clk 1:30:32]} Nf6
{[%clk 1:30:42]} 3. Bg2 {[%clk 1:30:53]} c6 {[%clk 1:29:57]} 4. O-O
{[%clk 1:30:31]} Bg4 {[%clk 1:29:28]} 5. b3 {[%clk 1:28:57]} e6 {[%clk 1:28:48]}
6. Bb2 {[%clk 1:28:40]} Bxf3 {[%clk 1:24:00]} 7. exf3 {[%clk 1:24:28]} Be7
{[%clk 1:22:27]} 8. d3 {[%clk 1:22:40]} O-O {[%clk 1:22:33]} 9. Nd2
{[%clk 1:22:28]} a5 {[%clk 1:15:40]} 10. a4 {[%clk 1:10:16]} Nfd7
{[%clk 1:08:52]} 11. f4 {[%clk 0:49:01]} Bf6 {[%clk 1:08:56]} 12. d4
{[%clk 0:48:23]} c5 {[%clk 1:02:59]} 13. Nf3 {[%clk 0:48:46]} Nc6
{[%clk 1:00:44]} 14. c3 {[%clk 0:36:20]} Qb6 {[%clk 0:54:11]} 15. Ne5
{[%clk 0:35:08]} Rfd8 {[%clk 0:49:33]} 16. Re1 {[%clk 0:34:00]} Bxe5
{[%clk 0:43:44]} 17. fxe5 {[%clk 0:33:51]} Rac8 {[%clk 0:43:28]} 18. f4
{[%clk 0:29:40]} cxd4 {[%clk 0:38:32]} 19. cxd4 {[%clk 0:30:06]} Nb4
{[%clk 0:38:58]} 20. Re2 {[%clk 0:30:27]} Rc6 {[%clk 0:37:31]} 21. Rc1
{[%clk 0:24:17]} Rdc8 {[%clk 0:36:47]} 22. Rxc6 {[%clk 0:24:27]} Rxc6
{[%clk 0:35:35]} 23. g4 {[%clk 0:24:37]} Qc7 {[%clk 0:29:32]} 24. f5
{[%clk 0:23:38]} Rc2 {[%clk 0:28:01]} 25. Bf1 {[%clk 0:18:23]} Rxe2
{[%clk 0:27:14]} 26. Bxe2 {[%clk 0:18:46]} Nb8 {[%clk 0:23:54]} 27. Bb5
{[%clk 0:14:13]} Qc8 {[%clk 0:17:29]} 28. f6 {[%clk 0:13:25]} Qc2
{[%clk 0:12:08]} 29. Qxc2 {[%clk 0:13:31]} Nxc2 30. Bc3 {[%clk 0:13:39]} Nb4
{[%clk 0:12:35]} 31. Bxb4 {[%clk 0:09:02]} axb4 {[%clk 0:13:00]} 32. Kf2
{[%clk 0:08:52]} g5 {[%clk 0:10:51]} 33. a5 {[%clk 0:07:18]} h6 {[%clk 0:10:55]}
34. Ke3 {[%clk 0:07:41]} Kf8 {[%clk 0:10:25]} 35. Kd3 {[%clk 0:07:43]} Kg8
{[%clk 0:09:59]} 36. Ke3 {[%clk 0:06:05]} Kf8 {[%clk 0:10:23]} 37. Ke4 1/2-1/2

[Event "Ch France 2018 Féminin"]
[Site "?"]
[Date "2018.08.26"]
[Round "4.1"]
[White "Afraoui, Anaelle"]
[Black "Navrotescu, Andreea-C"]
[Result "0-1"]
[BlackElo "2247"]
[WhiteElo "2041"]
[LiveChessVersion "1.4.8"]

1. e4 {[%clk 1:30:59]} c5 {[%clk 1:30:52]} 2. Nf3 {[%clk 1:31:21]} e6
{[%clk 1:31:17]} 3. d4 {[%clk 1:31:27]} cxd4 {[%clk 1:31:41]} 4. Nxd4
{[%clk 1:31:47]} Nc6 {[%clk 1:32:08]} 5. Nc3 {[%clk 1:32:01]} Qc7
{[%clk 1:32:24]} 6. Nxc6 {[%clk 1:31:50]} dxc6 {[%clk 1:28:19]} 7. Be3
{[%clk 1:26:00]} e5 {[%clk 1:28:00]} 8. Bc4 {[%clk 1:24:30]} Nf6 {[%clk 1:28:03]}
9. f3 {[%clk 1:24:18]} Bb4 {[%clk 1:20:59]} 10. Qd3 {[%clk 1:19:01]} O-O
{[%clk 1:20:23]} 11. O-O-O {[%clk 1:16:12]} b5 {[%clk 1:19:52]} 12. Bb3
{[%clk 1:16:06]} a5 {[%clk 1:20:16]} 13. a4 {[%clk 1:11:38]} Ba6 {[%clk 1:15:20]}
14. axb5 {[%clk 1:07:25]} cxb5 {[%clk 1:14:33]} 15. Nxb5 {[%clk 0:42:45]} Qb7
{[%clk 1:14:35]} 16. Nd6 {[%clk 0:39:22]} Qc6 {[%clk 0:40:31]} 17. Nc4
{[%clk 0:33:18]} Rfe8 {[%clk 0:40:44]} 18. c3 {[%clk 0:26:53]} a4
{[%clk 0:36:38]} 19. Ba2 {[%clk 0:26:17]} Bf8 {[%clk 0:33:41]} 20. Bg5
{[%clk 0:23:29]} Rac8 {[%clk 0:31:20]} 21. Bxf6 {[%clk 0:22:49]} Qxf6
{[%clk 0:31:32]} 22. Qd7 {[%clk 0:18:07]} a3 {[%clk 0:27:52]} 23. Nd6
{[%clk 0:15:01]} Bxd6 {[%clk 0:26:01]} 24. Rxd6 {[%clk 0:13:56]} Qg5+
{[%clk 0:24:43]} 25. Rd2 {[%clk 0:12:59]} Red8 {[%clk 0:20:17]} 26. Qxf7+
{[%clk 0:11:31]} Kh8 {[%clk 0:20:46]} 27. f4 {[%clk 0:07:04]} exf4
{[%clk 0:21:07]} 28. Rhd1 {[%clk 0:05:28]} axb2+ {[%clk 0:18:02]} 29. Kxb2
{[%clk 0:02:20]} Rxd2+ {[%clk 0:18:20]} 30. Rxd2 {[%clk 0:02:48]} f3
{[%clk 0:18:41]} 31. Rf2 {[%clk 0:02:54]} Rb8+ {[%clk 0:15:10]} 32. Bb3
{[%clk 0:02:19]} Qc5 {[%clk 0:14:37]} 33. Qxf3 {[%clk 0:00:35]} Bc4
{[%clk 0:14:39]} 34. Qf4 {[%clk 0:00:33]} Rxb3+ {[%clk 0:14:50]} 35. Kc2
{[%clk 0:00:59]} Bg8 {[%clk 0:14:41]} 36. Rf3 {[%clk 0:00:55]} Qb5
{[%clk 0:15:01]} 37. Kd2 {[%clk 0:00:37]} Rb2+ {[%clk 0:15:20]} 38. Ke3
{[%clk 0:00:49]} Qc5+ {[%clk 0:15:31]} 39. Kd4 0-1

[Event "Ch France 2018 Féminin"]
[Site "?"]
[Date "2018.08.26"]
[Round "4.2"]
[White "Milliet, Sophie"]
[Black "Safranska, Anda"]
[Result "1-0"]
[BlackElo "2193"]
[WhiteElo "2389"]
[LiveChessVersion "1.4.8"]

1. e4 {[%clk 1:28:26]} Nf6 {[%clk 1:30:53]} 2. e5 {[%clk 1:28:52]} Nd5
{[%clk 1:31:09]} 3. d4 {[%clk 1:29:18]} d6 {[%clk 1:31:33]} 4. Nf3
{[%clk 1:29:45]} dxe5 {[%clk 1:31:52]} 5. Nxe5 {[%clk 1:30:10]} c6
{[%clk 1:32:17]} 6. Bd3 {[%clk 1:30:09]} Nd7 {[%clk 1:32:34]} 7. Nf3
{[%clk 1:30:33]} g6 {[%clk 1:32:48]} 8. O-O {[%clk 1:27:52]} Bg7 {[%clk 1:33:09]}
9. Re1 {[%clk 1:21:12]} O-O {[%clk 1:33:31]} 10. h3 {[%clk 1:20:49]} Re8
{[%clk 1:33:34]} 11. c4 {[%clk 1:19:46]} Nb4 {[%clk 1:31:12]} 12. Bf1
{[%clk 1:19:39]} e5 {[%clk 1:31:07]} 13. Bg5 {[%clk 1:10:17]} f6 {[%clk 1:29:49]}
14. Bd2 {[%clk 1:10:32]} Na6 {[%clk 1:28:26]} 15. dxe5 {[%clk 1:09:10]} Nxe5
{[%clk 1:28:46]} 16. Nxe5 {[%clk 1:09:36]} fxe5 {[%clk 1:27:29]} 17. Nc3
{[%clk 1:09:23]} Nc5 {[%clk 1:27:35]} 18. Be3 {[%clk 1:08:01]} Qe7
{[%clk 1:21:56]} 19. b4 {[%clk 1:02:02]} Ne6 {[%clk 1:22:15]} 20. c5
{[%clk 1:02:22]} Rd8 {[%clk 1:13:10]} 21. Qc1 {[%clk 0:54:58]} Qh4
{[%clk 1:10:12]} 22. g3 {[%clk 0:36:05]} Qxb4 {[%clk 1:09:02]} 23. Rb1
{[%clk 0:36:32]} Qa5 {[%clk 1:09:10]} 24. Ne4 {[%clk 0:24:46]} Qc7
{[%clk 1:07:46]} 25. Bc4 {[%clk 0:24:12]} Kh8 {[%clk 1:08:07]} 26. Nd6
{[%clk 0:21:21]} b5 {[%clk 1:07:55]} 27. Bb3 {[%clk 0:18:42]} Rxd6
{[%clk 1:05:45]} 28. cxd6 {[%clk 0:19:08]} Qxd6 {[%clk 1:06:07]} 29. Qd1
{[%clk 0:17:17]} Qc7 {[%clk 1:05:44]} 30. Rc1 {[%clk 0:16:54]} Bd7
{[%clk 1:05:59]} 31. Qd3 {[%clk 0:14:35]} a6 {[%clk 1:00:30]} 32. Rcd1
{[%clk 0:14:46]} Nd4 {[%clk 0:59:33]} 33. Bxd4 exd4 {[%clk 0:59:57]} 34. Re7
{[%clk 0:14:09]} Qd6 {[%clk 1:00:14]} 35. Rde1 {[%clk 0:13:38]} Bf6
{[%clk 0:55:48]} 36. Rf7 {[%clk 0:11:39]} Rf8 {[%clk 0:53:44]} 37. Rxf8+
{[%clk 0:10:50]} Qxf8 {[%clk 0:54:09]} 38. Qe4 {[%clk 0:09:24]} Qd6
{[%clk 0:52:21]} 39. Be6 {[%clk 0:02:39]} Kg7 {[%clk 0:49:01]} 40. Bxd7
{[%clk 0:01:57]} Qxd7 {[%clk 0:49:26]} 41. Rc1 {[%clk 0:01:46]} Bg5
{[%clk 0:18:49]} 42. Qxc6 {[%clk 0:25:16]} Qf7 {[%clk 0:47:35]} 43. Rc2
{[%clk 0:22:24]} Kh6 {[%clk 0:46:04]} 44. Qe4 {[%clk 0:19:04]} Qd7
{[%clk 0:41:45]} 45. h4 {[%clk 0:19:07]} Bd8 {[%clk 0:42:11]} 46. Rc5
{[%clk 0:16:32]} Bb6 {[%clk 0:37:33]} 47. Qf4+ {[%clk 0:07:12]} Kg7
{[%clk 0:37:56]} 48. Qe5+ {[%clk 0:07:33]} Kh6 {[%clk 0:37:14]} 49. Qg5+
{[%clk 0:07:29]} Kg7 {[%clk 0:37:39]} 50. Re5 {[%clk 0:07:11]} Kf7
{[%clk 0:36:32]} 51. Qf4+ {[%clk 0:06:34]} Kg7 {[%clk 0:35:56]} 52. Qe4
{[%clk 0:06:43]} Kf7 {[%clk 0:35:46]} 53. h5 {[%clk 0:05:57]} Qd6
{[%clk 0:31:08]} 54. Rd5 {[%clk 0:04:32]} Qc7 {[%clk 0:29:58]} 55. Qg4
{[%clk 0:04:19]} Kf6 {[%clk 0:26:25]} 56. Rd7 Kg7 1-0

[Event "Ch France 2018 Féminin"]
[Site "?"]
[Date "2018.08.26"]
[Round "4.3"]
[White "Monpeurt, Cyrielle"]
[Black "Haussernot, Cecile"]
[Result "1-0"]
[BlackElo "2198"]
[WhiteElo "2175"]
[LiveChessVersion "1.4.8"]

1. e4 {[%clk 1:30:57]} c5 {[%clk 1:20:17]} 2. Nf3 {[%clk 1:31:15]} d6
{[%clk 1:20:31]} 3. d4 {[%clk 1:31:29]} cxd4 {[%clk 1:20:57]} 4. Nxd4
{[%clk 1:31:53]} Nf6 {[%clk 1:21:22]} 5. Nc3 {[%clk 1:32:05]} a6 {[%clk 1:21:39]}
6. f4 {[%clk 1:32:18]} e5 {[%clk 1:21:12]} 7. Nf5 {[%clk 1:30:55]} Nc6
{[%clk 1:19:52]} 8. Bc4 {[%clk 1:30:12]} g6 {[%clk 1:18:10]} 9. fxe5
{[%clk 1:29:16]} Nxe5 {[%clk 1:06:31]} 10. Ne3 {[%clk 1:28:29]} Bg7
{[%clk 1:00:05]} 11. O-O {[%clk 1:26:38]} O-O {[%clk 0:59:45]} 12. Bb3
{[%clk 1:24:23]} Be6 {[%clk 0:50:49]} 13. Ned5 {[%clk 1:17:46]} Nxd5
{[%clk 0:48:56]} 14. Nxd5 {[%clk 1:16:51]} Rc8 {[%clk 0:44:47]} 15. Bf4
{[%clk 1:11:05]} b5 {[%clk 0:42:36]} 16. a4 {[%clk 0:59:10]} Nc4 {[%clk 0:38:53]}
17. axb5 {[%clk 0:54:44]} axb5 {[%clk 0:37:14]} 18. Kh1 {[%clk 0:54:02]} Nxb2
{[%clk 0:35:03]} 19. Qe2 {[%clk 0:50:28]} Bxd5 {[%clk 0:31:45]} 20. Bxd5
{[%clk 0:48:49]} Na4 {[%clk 0:30:30]} 21. Ra3 {[%clk 0:41:47]} Nc3
{[%clk 0:28:50]} 22. Qd3 {[%clk 0:42:09]} Qc7 {[%clk 0:26:10]} 23. Bb3
{[%clk 0:31:43]} Rfd8 {[%clk 0:12:41]} 24. Be3 {[%clk 0:27:01]} d5
{[%clk 0:11:50]} 25. exd5 {[%clk 0:21:03]} Qd6 {[%clk 0:10:06]} 26. Ra7
{[%clk 0:19:58]} Rf8 {[%clk 0:10:01]} 27. Bf4 {[%clk 0:17:19]} Qb6
{[%clk 0:07:56]} 28. Re7 {[%clk 0:15:43]} Qf6 {[%clk 0:06:08]} 29. d6
{[%clk 0:14:11]} Rc5 {[%clk 0:06:09]} 30. Be5 {[%clk 0:09:52]} Rxe5
{[%clk 0:05:19]} 31. Rxf6 {[%clk 0:10:16]} Bxf6 {[%clk 0:05:44]} 32. Rxe5
{[%clk 0:08:46]} Bxe5 {[%clk 0:06:10]} 33. d7 {[%clk 0:08:22]} Bf6
{[%clk 0:06:22]} 34. h3 {[%clk 0:07:29]} Kg7 {[%clk 0:06:37]} 35. Kh2
{[%clk 0:06:44]} b4 {[%clk 0:05:13]} 36. Qc4 {[%clk 0:05:34]} Be5+
{[%clk 0:05:18]} 37. g3 {[%clk 0:05:30]} f5 {[%clk 0:04:13]} 38. Qxb4
{[%clk 0:05:42]} Bf6 {[%clk 0:04:25]} 39. Qc4 {[%clk 0:03:40]} Ne4
{[%clk 0:03:59]} 40. Qd5 {[%clk 0:03:09]} Bd8 {[%clk 0:03:29]} 41. Qc6
{[%clk 0:00:36]} Rf6 {[%clk 0:00:47]} 42. Qc8 {[%clk 0:28:45]} Rf8
{[%clk 0:30:13]} 43. Bd5 Nf6 {[%clk 0:25:14]} 44. Be6 {[%clk 0:26:27]} Ne4
{[%clk 0:24:53]} 45. c4 {[%clk 0:26:15]} Be7 {[%clk 0:19:39]} 46. Kg2
{[%clk 0:22:20]} Rd8 {[%clk 0:17:06]} 47. Qc7 {[%clk 0:20:19]} Kf6
{[%clk 0:16:19]} 48. Bd5 {[%clk 0:18:23]} Nc5 {[%clk 0:16:06]} 49. Qb6+
{[%clk 0:17:05]} Kg7 {[%clk 0:14:18]} 50. Bc6 {[%clk 0:16:14]} Kf7
{[%clk 0:12:33]} 51. Qc7 {[%clk 0:15:13]} Ke6 {[%clk 0:12:10]} 52. Qf4
{[%clk 0:13:19]} Bf6 {[%clk 0:08:53]} 53. Qh6 {[%clk 0:09:45]} Rb8
{[%clk 0:08:51]} 54. Bb5 {[%clk 0:09:29]} Ra8 {[%clk 0:07:17]} 55. Qe3+
{[%clk 0:09:26]} Kd6 {[%clk 0:06:55]} 56. Qd2+ {[%clk 0:06:39]} Ke7
{[%clk 0:06:26]} 57. h4 {[%clk 0:06:23]} Ne4 {[%clk 0:06:00]} 58. Qb4+
{[%clk 0:05:50]} Kf7 {[%clk 0:04:32]} 59. c5 {[%clk 0:04:32]} Ra2+
{[%clk 0:03:09]} 60. Kg1 {[%clk 0:02:18]} Rd2 {[%clk 0:02:56]} 61. Qb3+
{[%clk 0:00:57]} Kg7 {[%clk 0:02:36]} 62. Kf1 {[%clk 0:01:12]} Rxd7
{[%clk 0:02:06]} 63. Qe6 {[%clk 0:00:44]} Rd1+ {[%clk 0:00:54]} 64. Kg2
{[%clk 0:01:04]} Rd2+ {[%clk 0:00:36]} 65. Kf3 {[%clk 0:01:07]} Bd4
{[%clk 0:00:46]} 66. Qe7+ {[%clk 0:01:28]} Kh6 {[%clk 0:00:53]} 67. Qf8+
{[%clk 0:01:39]} Bg7 {[%clk 0:01:09]} 68. Qe7 {[%clk 0:01:36]} Rf2+
{[%clk 0:00:52]} 69. Ke3 {[%clk 0:02:01]} Rg2 {[%clk 0:00:54]} 70. Be2
{[%clk 0:01:41]} Rxg3+ {[%clk 0:00:49]} 71. Kf4 {[%clk 0:01:53]} Rg1
{[%clk 0:00:46]} 72. Bf3 {[%clk 0:02:06]} Bf6 {[%clk 0:00:37]} 73. Qf8+
{[%clk 0:02:26]} Bg7 {[%clk 0:01:06]} 74. Qe7 {[%clk 0:02:42]} Bf6
{[%clk 0:00:34]} 75. Qf8+ {[%clk 0:03:10]} Bg7 {[%clk 0:00:58]} 76. Qe7
{[%clk 0:02:50]} Nf6 {[%clk 0:00:37]} 77. c6 {[%clk 0:02:46]} Rf1
{[%clk 0:00:39]} 78. Kg3 {[%clk 0:03:01]} Rg1+ {[%clk 0:00:46]} 79. Kf2 1-0

[Event "Ch France 2018 Féminin"]
[Site "?"]
[Date "2018.08.26"]
[Round "4.4"]
[White "Benmesbah, Natacha"]
[Black "Bollengier, Andreea"]
[Result "1-0"]
[BlackElo "2219"]
[WhiteElo "2255"]
[LiveChessVersion "1.4.8"]

1. e4 {[%clk 1:28:59]} d5 {[%clk 1:30:31]} 2. exd5 {[%clk 1:29:09]} Qxd5
{[%clk 1:30:53]} 3. Nc3 {[%clk 1:29:36]} Qa5 {[%clk 1:31:14]} 4. d4
{[%clk 1:29:23]} Nf6 {[%clk 1:31:30]} 5. Nf3 {[%clk 1:28:51]} c6 {[%clk 1:31:54]}
6. Bc4 {[%clk 1:23:53]} Bf5 {[%clk 1:31:58]} 7. O-O {[%clk 1:15:50]} e6
{[%clk 1:31:48]} 8. Ne5 {[%clk 1:13:42]} Nbd7 {[%clk 1:30:27]} 9. Qe2
{[%clk 1:13:10]} Bb4 {[%clk 0:52:33]} 10. Bd2 {[%clk 1:09:16]} Nxe5
{[%clk 0:44:32]} 11. dxe5 {[%clk 1:09:37]} Nd5 12. Bxd5 {[%clk 1:07:41]} cxd5
{[%clk 0:36:40]} 13. a3 {[%clk 1:08:06]} Bxc3 {[%clk 0:36:53]} 14. Bxc3
{[%clk 1:08:31]} Qa4 {[%clk 0:36:34]} 15. b3 {[%clk 1:06:28]} Qc6
{[%clk 0:36:45]} 16. Bb4 {[%clk 1:05:49]} a5 {[%clk 0:31:36]} 17. Bd6
{[%clk 1:05:59]} Qc3 {[%clk 0:28:20]} 18. b4 {[%clk 1:02:34]} a4 {[%clk 0:27:43]}
19. Bc5 {[%clk 1:02:04]} Qc4 {[%clk 0:27:32]} 20. Qe3 {[%clk 1:02:08]} h6
{[%clk 0:23:00]} 21. Bd6 {[%clk 1:02:02]} Kd7 {[%clk 0:21:49]} 22. b5
{[%clk 1:00:23]} Ra5 {[%clk 0:19:09]} 23. b6 {[%clk 0:59:01]} Rc8
{[%clk 0:13:55]} 24. c3 {[%clk 0:54:35]} Qd3 {[%clk 0:13:35]} 25. Qf4
{[%clk 0:54:51]} Rc4 {[%clk 0:13:47]} 26. Qc1 {[%clk 0:52:37]} Rb5
{[%clk 0:13:19]} 27. Bb4 {[%clk 0:51:10]} Rxb6 {[%clk 0:13:06]} 28. Rd1
{[%clk 0:49:16]} Qe4 {[%clk 0:13:27]} 29. Re1 {[%clk 0:49:34]} Qf4
{[%clk 0:10:58]} 30. Qd1 {[%clk 0:47:29]} Ra6 {[%clk 0:11:28]} 31. Ra2
{[%clk 0:47:17]} b5 {[%clk 0:06:50]} 32. f3 {[%clk 0:42:34]} h5 {[%clk 0:05:43]}
33. Rd2 {[%clk 0:42:09]} Ke8 {[%clk 0:05:30]} 34. Rd4 {[%clk 0:41:22]} Rxd4
{[%clk 0:04:53]} 35. cxd4 {[%clk 0:41:35]} Rc6 {[%clk 0:05:12]} 36. Bc5
{[%clk 0:41:35]} h4 {[%clk 0:05:16]} 37. Qe2 {[%clk 0:40:27]} Rxc5
{[%clk 0:05:28]} 38. dxc5 {[%clk 0:40:53]} Qc4 {[%clk 0:05:15]} 39. Qf2
{[%clk 0:29:36]} d4 {[%clk 0:02:27]} 40. c6 {[%clk 0:27:29]} Qxc6
{[%clk 0:00:38]} 41. Qxd4 {[%clk 0:27:54]} h3 {[%clk 0:14:53]} 42. Rd1
{[%clk 0:56:10]} Qd5 {[%clk 0:14:31]} 43. Qxd5 {[%clk 0:56:29]} exd5
{[%clk 0:14:56]} 44. Rxd5 {[%clk 0:56:54]} hxg2 {[%clk 0:13:51]} 45. Rxb5
{[%clk 0:57:05]} Ke7 {[%clk 0:13:55]} 46. Rb6 {[%clk 0:57:20]} f6
{[%clk 0:13:20]} 47. exf6+ {[%clk 0:57:35]} gxf6 {[%clk 0:13:50]} 48. Kxg2
{[%clk 0:57:58]} Kf7 {[%clk 0:14:15]} 49. Kg3 {[%clk 0:57:42]} Kg6
{[%clk 0:14:35]} 50. Kf4 {[%clk 0:57:29]} Bc2 {[%clk 0:14:53]} 51. Rb5
{[%clk 0:56:54]} Bb3 {[%clk 0:12:10]} 52. Rc5 {[%clk 0:57:15]} Bd1
{[%clk 0:12:09]} 53. Rc1 {[%clk 0:57:40]} Bb3 {[%clk 0:12:32]} 54. Rg1+
{[%clk 0:58:06]} Kf7 {[%clk 0:12:51]} 55. h4 {[%clk 0:58:27]} Bc2
{[%clk 0:13:07]} 56. h5 {[%clk 0:58:39]} Bd3 {[%clk 0:13:02]} 57. Ke3
{[%clk 0:58:59]} Bc2 {[%clk 0:13:09]} 58. Kd2 {[%clk 0:59:01]} Bf5
{[%clk 0:11:59]} 59. Kc3 {[%clk 0:59:25]} Ke6 {[%clk 0:11:45]} 60. Rg7
{[%clk 0:59:34]} Kd5 1-0